000 00668nam a2200133Ia 4500
008 220620s9999||||xx |||||||||||||| ||und||
022 _a16648714
100 _aElissar Andari||Lisa A. Parr||Alaine Keebaugh
245 0 _aOxytocin's routes in social behavior: Into the 21st century
546 _aEnglish[eng]
650 _aevolved functions||Adaptive Behavior||oxytocin polymorphisms and social behavior||Oxytocin||rhesus macaques||Rodents||human behavior||precision medicine||psychiatric disorders||socially-reinforcement learning
856 _uhttp://journal.frontiersin.org/researchtopic/1441/oxytocins-routes-in-social-behavior-into-the-21st-century
942 _cEB
999 _c32279
_d32279